000
nam a22 7a 4500
999
_c
329299
_d
329299
003
Nust
005
20170502144028.0
008
170502b xxu||||| |||| 00| 0 eng d
040
_c
dlc
082
_a
823.914 LEC
100
_4
Leclezio, J. M. G.
245
_a
The Flood
942
_2
ddc
_c
BK